Statistiques concernant Dessins Animés en Images

Cliquez ici pour prendre le quiz!

Statistiques générales

  • Ce quiz a été pris 362 fois
  • Le résultat moyen est 13 sur 16

Statistiques - réponses

Réponse% Correct
Titeuf
99%
Foot2Rue
97%
Barbapapa
96%
Garfield
96%
Oggy et les Cafards
96%
T'Choupi
96%
Peppa Pig
91%
Les Ratz
90%
Scooby-Doo
88%
Trotro
85%
Ninjago
80%
Samsam
77%
Tom Sawyer
67%
Code Lyoko
65%
Bouba
35%
Les Petits Einstein
9%

Distribution des résultats

Percentile par nombre de réponses

% des personnes avec chaque résultat

Votre développement - résultats

Vous n’avez pas pris ce quiz